00487nam a2200157Ia 4500008004100000100002500041245005400066245002400120260002400144260000900168300002100177440003100198650002900229650002300258650004800281190912s9999 xx 000 0 und d aPunongbayan, Michael aAgencies to review procedures for better service/ cMichael Punongbayan bThe Philippine Star c2018 aAugust 1, page 5 aThe Philippine Starv33: 5 aCivil Service Commission aLaw -- Philippines aRodrigo Duterte -- President -- Philippines